Manažment sociálnych sietí

Saved in:
Bibliographic Details
Main Author Kuchta, Martin
Other Authors Michal Jankovič
Format Electronic eBook
LanguageCzech
Published Grada SK 2024
Edition1. elektronické vydání
Subjects
Online AccessDostupné v BOOKPORT po přihlášení pomocí eduID
ISBN978-80-8090-718-1
978-80-8090-716-7
Physical Description1 online zdroj (144 stran)

Cover

LEADER 00000nam a2200000 i 4500
001 bkp100253
003 CZ-prgp
005 20240503083957.0
006 m o d
007 cr cn
008 240503s2024 xr o 000 0 cze
020 |a 978-80-8090-718-1  |c 361 Kč  |q (online ; epub) 
020 |a 978-80-8090-716-7  |c 200 Kč  |q (print) 
040 |a Grada  |b cze  |e rda 
100 1 |a Kuchta, Martin 
245 1 0 |a Manažment sociálnych sietí  |c Martin Kuchta, Michal Jankovič 
250 |a 1. elektronické vydání 
264 1 |b Grada SK  |c 2024 
300 |a 1 online zdroj (144 stran) 
336 |a text  |b txt  |2 rdacontent 
337 |a počítač  |b c  |2 rdamedia 
338 |a online zdroj  |b cr  |2 rdacarrier 
520 3 |a Manažment sociálnych sietí ponúka prehľad sociálnymi sieťami a detailne sa venuje sociálnym sieťam relevantným pre lokálny trh. Na manažment jednotlivých sociálnych sietí sa pozerá z obsahového aj z výkonnostného hľadiska a čitateľovi buduje poznatkovú bázu potrebnú pre efektívny manažment sociálnych sietí. 
650 0 4 |a Marketing a reklama 
700 1 |a Michal Jankovič 
856 4 0 |u https://www.bookport.cz/AccountSaml/SignIn/?idp=https://shibboleth.utb.cz/idp/shibboleth&returnUrl=/kniha/manazment-socialnych-sieti-12548/  |y Dostupné v BOOKPORT po přihlášení pomocí eduID